| 000 | 00759 am a2200253ua 4500 | ||
|---|---|---|---|
| 001 | 1933 | ||
| 005 | 20231019090044.0 | ||
| 020 |
_a059013695X (pbk) : _c£2.99 |
||
| 040 |
_aUk _cUk _beng _dFISKH |
||
| 050 | _aPZ7.G15 | ||
| 082 | 0 | 4 |
_a813.54 _221 |
| 100 | 1 |
_aMartin, Ann M., _d1955- |
|
| 245 | 1 | 0 |
_aKristy and the missing fortune / _cAnn M. Martin. |
| 260 |
_aLondon : _bHippo, _c1996. |
||
| 300 |
_a146 pages : _c18 cm |
||
| 500 | _aOriginally published: United States : Scholastic, 1995. | ||
| 505 | _aQ | ||
| 521 |
_a870
_bLexile |
||
| 521 |
_aQ
_bRaz-Plus |
||
| 650 | 0 |
_aBabysitters Club (Imaginary organization) _xJuvenile fiction. |
|
| 655 | 0 | 7 |
_aChildren's stories. _2lcsh |
| 655 | 0 | 7 |
_aDetective and mystery stories. _2gsafd |
| 942 |
_2ddc _cBK _n0 |
||
| 999 |
_c1933 _d1933 |
||